| 000 | 00936nam a22002055i 4500 | ||
|---|---|---|---|
| 001 | 156176 | ||
| 003 | ES-MaACL | ||
| 005 | 20230906210334.0 | ||
| 008 | 020422s1892 sp |||| | spa d | ||
| 040 |
_aCAM _bspa _cCAM |
||
| 100 | 1 |
_aJackson Veyán, José. _965824 |
|
| 245 | 1 | 0 |
_aFolies bergeres _b: apropósito cómico-lírico en un acto, en prosa y verso / _cletra de José Jackson Veyán ; música del maestro Rubio. |
| 260 |
_aMadrid : _b[s.n.], _c1892 ( _fR. Velasco, impresor) |
||
| 300 |
_a31 p. ; _c19 cm. |
||
| 500 | 1 | _aEstrenado en el Teatro del Príncipe Alfonso la noche del 14 de junio de 1892. | |
| 596 | 1 | _aAl v. de antep. consta : "... Galerías Biblioteca lírico-dramática y Teatro cómico de Arregui y Aruej..." | |
| 596 | 1 | _aEn cabecera de texto consta : "Arregui y Aruej, editores" | |
| 700 | 1 | 1 |
_aRubio, Angel, _emús. _9100337 |
| 852 |
_aES-MaACL _jF-4092(3) _z-- Enc. hol. _q-- Falto de la cub. original |
||
| 999 |
_c156176 _d156176 |
||